Trespass impasse (Record no. 74603)

MARC details
000 -LEADER
fixed length control field 01775cab a2200325 4500
001 - CONTROL NUMBER
control field ABS68468
008 - FIXED-LENGTH DATA ELEMENTS--GENERAL INFORMATION
fixed length control field 041117n2004 000 0 eng u
035 ## - SYSTEM CONTROL NUMBER
System control number (Sirsi) u128016
100 ## - MAIN ENTRY--PERSONAL NAME
Personal name Sproull, N.
245 ## - TITLE STATEMENT
Title Trespass impasse
260 ## - PUBLICATION, DISTRIBUTION, ETC.
Date of publication, distribution, etc. 2004
490 ## - SERIES STATEMENT
Series statement Solicitors' Journal
Volume/sequential designation 148(38) 8 October 2004, 1136-1137(2)
520 ## - SUMMARY, ETC.
Summary, etc. Discusses the impact of several cases examining the issue of personal injury to adult trespassers. States the judge in "Ratcliff v G R McConnell" ([1997] EWCA Civ 2679, [1999] 1 WLR 670) had found Canadian case "Veinot" ([1975] 2 SCR 311), was the only reported case in which an adult trespasser had succeeded in bringing a claim for personal injury. Highlights the three-fold test included in the Occupier's Liability Act 1984 which states the claimant must show first that the defendant was aware of the danger which caused the injury, that he/she knew or had reasonable grounds to believe that the claimant was in the vicinity of the danger or might come within the vicinity and that the risk is one against which it is reasonable to offer some protection. Illustrates the application of this test with a number of cases. Concludes the Court of Appeal remains hostile to claimants.
590 ## - LOCAL NOTE (RLIN)
Local note ABS
590 ## - LOCAL NOTE (RLIN)
Local note ABS
650 ## - SUBJECT ADDED ENTRY--TOPICAL TERM
Topical term or geographic name entry element RATCLIFF V MCCONNEL
650 ## - SUBJECT ADDED ENTRY--TOPICAL TERM
Topical term or geographic name entry element VEINOT
650 ## - SUBJECT ADDED ENTRY--TOPICAL TERM
Topical term or geographic name entry element SWAIN V PURI
650 ## - SUBJECT ADDED ENTRY--TOPICAL TERM
Topical term or geographic name entry element DONOGHUE V FOLKESTONE PROPERTIES LTD
650 ## - SUBJECT ADDED ENTRY--TOPICAL TERM
Topical term or geographic name entry element TOMLINSON V CONGLETON BC
650 ## - SUBJECT ADDED ENTRY--TOPICAL TERM
Topical term or geographic name entry element GABRIEL V KIRKLEES MBC
650 ## - SUBJECT ADDED ENTRY--TOPICAL TERM
Topical term or geographic name entry element RHIND V ASTBURY WATER PARK LTD AND ANOTHER
650 ## - SUBJECT ADDED ENTRY--TOPICAL TERM
Topical term or geographic name entry element HIGGS V FOSTER
650 ## - SUBJECT ADDED ENTRY--TOPICAL TERM
Topical term or geographic name entry element JOLLEY V SUTTON LBC
650 ## - SUBJECT ADDED ENTRY--TOPICAL TERM
Topical term or geographic name entry element OCCUPIERS LIABILITY ACT 1984
650 ## - SUBJECT ADDED ENTRY--TOPICAL TERM
Topical term or geographic name entry element TRESPASSING
650 ## - SUBJECT ADDED ENTRY--TOPICAL TERM
Topical term or geographic name entry element PERSONAL INJURY
690 ## - LOCAL SUBJECT ADDED ENTRY--TOPICAL TERM (OCLC, RLIN)
Topical term or geographic name as entry element PROPERTY AND LAND LAW-CASE LAW
942 ## - ADDED ENTRY ELEMENTS (KOHA)
Suppress in OPAC 0
Holdings
Withdrawn status Lost status Source of classification or shelving scheme Damaged status Not for loan Home library Current library Shelving location Date acquired Total Checkouts Full call number Barcode Date last seen Copy number Price effective from Koha item type
    Dewey Decimal Classification     London London Journal article 17/11/2004   ABS68468 128016-1001 06/08/2019 1 06/08/2019 Journal article